| 000 | 00584nam a2200205 a 4500 | ||
|---|---|---|---|
| 005 | 20240203063621.0 | ||
| 008 | 040315s2001 mx r 000 0 spa d | ||
| 020 | _a9505575262 | ||
| 035 | _aUPN01000132648 | ||
| 049 | _aCG | ||
| 050 | 4 |
_aHQ1154 _bB3.5 |
|
| 100 | 1 | _aBarrancos, Dora | |
| 245 | 1 | 0 |
_aInclusión-exclusión : _bhistoria con mujeres / _cDora Barrancos. |
| 260 |
_aBuenos Aires : _bFCE, _cc2001. |
||
| 300 | _a159 p. | ||
| 440 | 0 |
_aPopular ; _v623 _pBreves |
|
| 650 | 2 |
_aMujeres _xHistoria y condición de la mujer _91583 |
|
| 650 | 4 |
_aFeminismo _98967 |
|
| 905 | _aLibro | ||
| 999 |
_c104802 _d104802 |
||